000 00850nam a2200277Ia 4500
003 OSt
005 20220925205750.0
006 a|||||r|||| 00| 0
007 ta
008 220923b |||||||| |||| 00| 0 eng d
020 _a0824817400
037 _cGeneral Book
040 _aRTL
_cRTL
_beng
041 _2eng
_aeng
082 _aX.41.N2, N7
100 _aLufrano Richard john
_9270972
245 0 _aHonorable merchants
_b Commerce and self-cultivation in late imperial China
260 _aHonolulu
_bUniversity of Hawai's Press
_c1997
300 _axii,241p.
_ccm.
490 _aStudies of the East Asian Institute
500 _aBibliography: P 219-31
650 _a China
_9235609
650 _aEconomic Conditions
_930695
942 _hX.41.N2, N7
_cGB
_2CC
999 _c553140
_d553140